Statistics: Problems and solutions / (Record no. 917)

MARC details
000 -LEADER
fixed length control field 00876nam a22002537a 4500
005 - DATE AND TIME OF LATEST TRANSACTION
control field 20210414113941.0
008 - FIXED-LENGTH DATA ELEMENTS--GENERAL INFORMATION
fixed length control field 120517t xxu||||| |||| 00| 0 eng d
020 ## - INTERNATIONAL STANDARD BOOK NUMBER
International Standard Book Number 981024293 x
050 ## - LIBRARY OF CONGRESS CALL NUMBER
Classification number QA276.2.573
100 ## - MAIN ENTRY--PERSONAL NAME
Personal name Bassett, E.E.
245 ## - TITLE STATEMENT
Title Statistics: Problems and solutions /
Statement of responsibility, etc. E.E. Bassette, J.M Bremner, I.T. Jolliffe...et al
250 ## - EDITION STATEMENT
Edition statement 2n ed.
260 ## - PUBLICATION, DISTRIBUTION, ETC.
Place of publication, distribution, etc. New Jersey:
Name of publisher, distributor, etc. World Scientific Publishing Co. Ltd,
Date of publication, distribution, etc. 2000.
300 ## - PHYSICAL DESCRIPTION
Extent xi, 227p. :
Other physical details ill. ;
Dimensions 25.8 Ccm.
500 ## - GENERAL NOTE
General note Includes index.
505 ## - FORMATTED CONTENTS NOTE
Formatted contents note Contents: Probability and random variables -- Probability and distributions -- Data summarization and goodness-of-fit -- Inference -- Analysis of structured data.
650 ## - SUBJECT ADDED ENTRY--TOPICAL TERM
Topical term or geographic name entry element Statistics
700 ## - ADDED ENTRY--PERSONAL NAME
Personal name Bremner, J.M.
700 ## - ADDED ENTRY--PERSONAL NAME
Personal name Jolliffe, I.T.
700 ## - ADDED ENTRY--PERSONAL NAME
Personal name Jones, B.
700 ## - ADDED ENTRY--PERSONAL NAME
Personal name Morgan, B.J.T.
700 ## - ADDED ENTRY--PERSONAL NAME
Personal name North, P.M.
942 ## - ADDED ENTRY ELEMENTS (KOHA)
Source of classification or shelving scheme Library of Congress Classification
Koha item type Books
Holdings
Withdrawn status Lost status Source of classification or shelving scheme Damaged status Not for loan Home library Current library Shelving location Date acquired Total Checkouts Full call number Barcode Date last seen Copy number Price effective from Koha item type
    Library of Congress Classification     WISCONSIN INTERNATIONAL UNIVERSITY COLLEGE, GHANA - MAIN LIBRARY WISCONSIN INTERNATIONAL UNIVERSITY COLLEGE, GHANA - MAIN LIBRARY Reference 17/05/2012   QA276.2.573 1891/12 17/05/2012 1 17/05/2012 Books

If you have any concerns or questions; kindly contact the library


© Powered by WIUC ICT DIRECTORATE